Normal view
MARC view
- تأليف:عبد الباقي،صلاح الدين /م.مشارك:علي عبدالهادي مسلم،رواية حسن
Entry Personal Name
001 - CONTROL NUMBER
- control field: 32167
003 - CONTROL NUMBER IDENTIFIER
- control field: JO-AjAnu
005 - DATE AND TIME OF LATEST TRANSACTION
- control field: 20230606075417.0
008 - FIXED-LENGTH DATA ELEMENTS
- fixed length control field: 230606|| aca||aabn | a|a d
040 ## - CATALOGING SOURCE
- Original cataloging agency: JO-AjAnu
- Transcribing agency: JO-AjAnu
100 ## - HEADING--PERSONAL NAME
- Personal name: تأليف:عبد الباقي،صلاح الدين /م.مشارك:علي عبدالهادي مسلم،رواية حسن
670 ## - SOURCE DATA FOUND
- Source citation: Work cat.: (JO-AjAnu)16522: تأليف:عبد الباقي،صلاح الدين /م.مشارك:علي عبدالهادي مسلم،رواية حسن, author, ادارة الموارد البشرية